000 00678nam a2200229Ia 4500
003 OSt
005 20221007070826.0
006 a|||||r|||| 00| 0
007 ta
008 221006b |||||||| |||| 00| 0 eng d
024 _a14,094
037 _cTextual
040 _aFLL
_cFLL
_beng
041 _2eng
_aeng
082 _aX:5.1z7N99 N77, L8
100 _aZandt Howard F. Van
_9687761
245 0 _aInternational business prospects 1977-1999
260 _aIndianapolis
_bBobbs-Merrill Educational Publishing Indianapolis
_c1978
300 _a189p
_ccm.
942 _hX:5.1z7N99 N77, L8
_cTEXL
_2CC
999 _c1141636
_d1141636